| 000 | 00674 a2200241 4500 | ||
|---|---|---|---|
| 020 | _a978-1-107-40013-9 | ||
| 041 | _aEng | ||
| 082 |
_a378.124 _bR417p |
||
| 100 | _aRichards, Jack C. | ||
| 100 | _aFarrell, Thomas S. C. | ||
| 245 | _aProfessional development for language teachers; strategies for teacher learning | ||
| 260 |
_aCambridge: _bCambridge University Press, _c2005 |
||
| 300 | _ax, 202p. illus | ||
| 504 | _aBibliography at the end of each chapter | ||
| 650 | _aResearch | ||
| 650 | _aTeachers | ||
| 650 | _aLanguage | ||
| 650 | _aLearning | ||
| 650 | _aMonitoring | ||
| 650 | _aProfessional education | ||
| 653 | _aEducation | ||
| 942 |
_2ddc _cGEN |
||
| 999 |
_c72915 _d72904 |
||